000 00237 a2200097 4500
001 45812
100 _aHill M
245 _aMcGraw-Hill encyclopedia of science & technology
260 _aNew York
_bMcGraw-Hill
_c
090 _c28940
_d28940
942 _aNUST-CAE
_cM
_c21047
999 _c280885
_d280885